000 00547 a2200241 4500
260 _aParis
630 _a57 - Biologie
037 _b3, Achat
650 _a5 - SCIENCES EXACTES ET NATURELLES
100 _adir., Girard, Maurice
260 _bMasson et Cie
245 _aProblèmes actuels de boochimie appliquée : troisième série
300 _a242 p
650 _aBiochimie
260 _c1970
300 _b24cm
100 _lFr
037 _aS 29568
037 _aS 29559
037 _aS 29569
999 _c41508
_d41508